| 000 | 00771nam a2200229 a 4500 | ||
|---|---|---|---|
| 005 | 20240925064452.0 | ||
| 008 | 070524s2006 mx r 000 0 spa d | ||
| 020 | _a8449318610 | ||
| 035 | _aUPN01000150402 | ||
| 049 | _aCG | ||
| 050 | 4 |
_aHQ770.4 _bC6.3 |
|
| 100 | 1 | _aCowley, Sue | |
| 245 | 1 | 0 |
_aCómo conseguir que tus hijos se porten bien : _bconsejos prácticos para educar mejor a los niños / _cSue Cowley ; tr. Gemma Andújar Moreno. |
| 260 |
_aBarcelona, Esp. : _bPaidós, _c2006. |
||
| 300 |
_a229 p. : _bil. |
||
| 440 | 0 |
_aGuías para padres ; _v87 |
|
| 534 |
_pTítulo original: _tGetting your little darlings to behave |
||
| 650 | 4 |
_aDisciplina de niños _914102 |
|
| 650 | 4 |
_aPadres e hijos _91360 |
|
| 650 | 4 |
_aConducta infantil _95683 |
|
| 905 | _aLibro | ||
| 999 |
_c122543 _d122543 |
||